| 000 | 00915cam a22002651 4500 | ||
|---|---|---|---|
| 001 | 4700276 | ||
| 005 | 20090423081345.0 | ||
| 008 | 730208s1961 nyua 000 0 eng | ||
| 010 | _a61007879 | ||
| 035 | _a(OCoLC)ocm00298984 | ||
| 035 | _a(NNC)4700276 | ||
| 040 |
_aDLC _cDLC _dOCLCQ |
||
| 043 | _ae-ur--- | ||
| 050 | 0 |
_aDK41 _b.C55 1962 |
|
| 098 | _aLC22 | ||
| 100 | 1 |
_aClarkson, Jesse D. _q(Jesse Dunsmore), _db. 1897. |
|
| 245 | 1 | 2 | _aA history of Russia. |
| 260 |
_aNew York, _bRandom House _c[1961] |
||
| 300 |
_a857 p. _billus. _c25 cm. |
||
| 651 | 0 |
_aSoviet Union _xHistory. |
|
| 942 |
_2lcc _cBK |
||
| 999 |
_c24262 _d24262 |
||